书目信息 |
| 题名: |
中国式商圈
|
|
| 作者: | 冉小东 著 | |
| 分册: | ||
| 出版信息: | 北京 新华出版社 2010 |
|
| 页数: | 149页 | |
| 开本: | 24cm | |
| 丛书名: | ||
| 单 册: | ||
| 中图分类: | F72 | |
| 科图分类: | ||
| 主题词: | 贸易经济--研究--中国 , 贸易经济 | |
| 电子资源: | ||
| ISBN: | 978-7-5011-9403-2 | |
| 000 | 00961nam0 2200253 450 | |
| 001 | 523 | |
| 005 | 20140909100423.70 | |
| 010 | @a978-7-5011-9403-2@dCNY29.80 | |
| 100 | @a20101221d2010 em y0chiy50 ea | |
| 101 | 0 | @achi |
| 102 | @aCN@b110000 | |
| 105 | @ay z 000yy | |
| 106 | @ar | |
| 200 | 1 | @a中国式商圈@AZhong Guo Shi Shang Quan@e中国商人的财富江湖@EZhong Guo Shang Ren De Cai Fu Jiang Hu@f冉小东著@FRan Xiao Dong Zhu |
| 210 | @a北京@c新华出版社@d2010 | |
| 215 | @a149页@d24cm | |
| 330 | @a本书内容包括:中国式商圈的百年流转、江湖重现——现代中国式商圈崛起、征战市场——新型商圈的建立、融“和”——商圈发展的根本、市场之外的能量——帮助他人也是帮助自己、商圈的平等竞争带来的利益等。 | |
| 517 | 1 | @a中国商人的财富江湖@AZhong Guo Shang Ren De Cai Fu Jiang Hu |
| 606 | 0 | @a贸易经济@x研究@y中国 |
| 606 | 0 | @a贸易经济 |
| 690 | @aF72@v5 | |
| 701 | 0 | @a冉小东@ARan Xiao Dong@4著 |
| 801 | 0 | @aCN@bTANGWEI@c20140603 |
| 905 | @b0840434-36@dF72@e62@f3 | |
| 中国式商圈:中国商人的财富江湖/冉小东著.-北京:新华出版社,2010 |
| 149页;24cm |
| ISBN 978-7-5011-9403-2:CNY29.80 |
| 本书内容包括:中国式商圈的百年流转、江湖重现——现代中国式商圈崛起、征战市场——新型商圈的建立、融“和”——商圈发展的根本、市场之外的能量——帮助他人也是帮助自己、商圈的平等竞争带来的利益等。 |
| ● |
| 相关链接 |
|
|
|
|
正题名:中国式商圈
索取号:F72/62
 
预约/预借
| 序号 | 登录号 | 条形码 | 馆藏地/架位号 | 状态 | 备注 |
| 1 | 0840434 | 208404341 | 第一样本阅览室/ [索取号:F72/62] | 在馆 | |
| 2 | 0840435 | 208404350 | 密集书库-海洋学院/ [索取号:F72/62] | 在馆 | |
| 3 | 0840436 | 208404369 | 第一借阅区/ [索取号:F72/62] | 在馆 |